000 00546nam a2200193Ia 4500
005 20250508163459.0
008 008 250505s9999 xx 000 0 eng d
037 _aTextual
040 _aFEDL
_beng
_cFEDL
041 _aeng
_2eng
084 _a376, NCE
_qFEDL
100 _aNayar Usha
_9609758
245 0 _aUniversal primary education of rural girls in India
245 0 _cNational Council of Educational Research and Training
260 _c1993
300 _a322p.
942 _cTEXL
_h376, NCE
999 _c1383577
_d1383577